Managing forest in the new millennium : proceeding of the 13th Malaysian Forestry Conference, 20-23 August 2001, Johor Bahru.

Bibliographic Details
Corporate Authors: Malaysia Forestry Conference (13th : 2001 : Johor Bahru), Jabatan Perhutanan Semenangjung Malaysia
Format: Book
Published: Kuala Lumpur : Forestry Department Peninsular Malaysia , 2001
Subjects:

MARC

LEADER 00000cam a2200000 7i4500
001 0000003331
005 20050823.0
020 0 0 |a 9839269291 
090 0 0 |a JPSM 634.909595   |b MAL 2001 
110 1 0 |a Malaysia Forestry Conference (13th : 2001 : Johor Bahru) 
245 1 0 |a Managing forest in the new millennium :   |b proceeding of the 13th Malaysian Forestry Conference, 20-23 August 2001, Johor Bahru. 
260 0 0 |a Kuala Lumpur :   |b Forestry Department Peninsular Malaysia ,   |c 2001 
300 |a ix, 784 p. :   |b ill. ;   |c 26 cm. 
650 0 0 |a Forest and forestry   |z Malaysia   |x Congresses 
650 0 0 |a Forest management   |z Malaysia   |x Congresses 
710 2 1 |a Jabatan Perhutanan Semenangjung Malaysia 
999 |a 0000006257   |b Monograph   |c Open Shelf   |e Default branch 
999 |a 0000006271   |b Monograph   |c Open Shelf   |e Default branch 
999 |a 0000006272   |b Monograph   |c Open Shelf   |e Default branch 
999 |a 0000006273   |b Monograph   |c Open Shelf   |e Default branch 
999 |a 0000006274   |b Monograph   |c Open Shelf   |e Default branch